Online Catalogue and eLibrary

The Bonsoir Diaries (Record no. 5799)

MARC details
000 -LEADER
fixed length control field 00817nam a2200157Ia 4500
005 - DATE AND TIME OF LATEST TRANSACTION
control field 20240809022946.0
008 - FIXED-LENGTH DATA ELEMENTS--GENERAL INFORMATION
fixed length control field 240331s9999 xx 000 0 und d
020 ## - INTERNATIONAL STANDARD BOOK NUMBER
ISBN 9789559072133
082 ## - DDC Classification
Item Number - Author Mark DES
Class No. 384,55
100 ## - MAIN ENTRY--PERSONAL NAME
Personal name De Silva, Kumar
245 #4 - TITLE STATEMENT
Title The Bonsoir Diaries
Statement of responsibility, etc. Kumar de Silva
260 ## - PUBLICATION, DISTRIBUTION, ETC.
Place of publication, distribution, etc. Sri Lanka
Name of publisher, distributor, etc. Samaranayake publishers
Date of publication, distribution, etc. 2013
300 ## - PHYSICAL DESCRIPTION
Extent (e.g. Volumes, Pages etc.) 282 p .,
500 ## - GENERAL NOTE
General note " The Bonsoir Diaries" is a graphical record of the glorious years of this highly watched television show. one will also realise that the author seamlessly goes beyond his original mandate and parallely makes this an unconscious record of franco-Sri Lankan ties, bilateral, diplomatic and otherwise, spread over nearly three and a half centuries, going back to 1672, all of which are skillfully woven into the narrative.
942 ## - Koha item type (Biblio)
Koha item type Books in Stacks (Lending)
Holdings
Lost status Damaged status Collection code Home library Current library Shelving location Date acquired Full call number Accession Number Item type
    Lending WERC Library WERC Library Social Science Cupboard 03/31/2024 823 DES 6786 Books in Stacks (Lending)

© WERC Library